Jen front-end k úspěchu nestačí

Otázka finančnej gramotnosti (FG) digitálneho zákazníka. Štyri piliere dosiahnutia úrovne FG, ktoré sa navzájom ovplyvňujú. Úloha bank v rozvoji schopností.

Saved in:
Bibliographic Details
Main Author: Zeithaml, Jan
Format: Book Chapter
Language:Czech
Subjects:
Tags: Add Tag
No Tags, Be the first to tag this record!

MARC

LEADER 00000naa a2200000 4500
001 0259928
005 20191126140745.3
041 0 |a cze 
044 |a CZ 
245 1 0 |a Jen front-end k úspěchu nestačí  |c Jan Zeithaml 
520 |a Otázka finančnej gramotnosti (FG) digitálneho zákazníka. Štyri piliere dosiahnutia úrovne FG, ktoré sa navzájom ovplyvňujú. Úloha bank v rozvoji schopností. 
610 2 0 |a digitalizácia 
610 2 0 |a technológie nové 
610 2 0 |a gramotnosť finančná 
610 2 0 |a banky 
610 2 0 |a zákazníci 
100 1 |a Zeithaml, Jan